000 00875cam a22002291 4500
001 ca 34000850
003 DLC
005 20260227111132.0
008 810725m19339999xx a 000 0 eng
010 _aca 34000850
035 _a(OCoLC)14738080
040 _aDLC
_cDNLM
_dDLC
042 _apremarc
050 0 0 _aRA776
_b.H27
060 0 _aQT 180
_bH268n
100 1 _aHardy, Albert Victor,
_d1897-
245 1 0 _aNotes and references on personal and community hygiene
_bfor courses 101, 102, and hygiene for nurses,
_cprepared by A. V. Hardy, M. D.
260 _aIowa City, Ia.,
_bPrinted by University multigraph department,
_cc1933-
300 _av.
_bill.
500 _aAt head of title: Department of hygiene and preventive medicine.
504 _a"Collateral readings": v. 1, numb. leaves 79-86; "Topics and references for written reports": v. 1, numb. leaves 86-87.
999 _c17382
_d17382